Health for all in the twenty-first century / (Record no. 8346)

MARC details
000 -LEADER
fixed length control field 00558nam a22001932 4500
001 - CONTROL NUMBER
control field 0000012837
005 - DATE AND TIME OF LATEST TRANSACTION
control field 20151217152115.0
008 - FIXED-LENGTH DATA ELEMENTS--GENERAL INFORMATION
fixed length control field 090323s xx 000 0 eng d
040 ## - CATALOGING SOURCE
Original cataloging agency KABU
Transcribing agency KABU
245 10 - TITLE STATEMENT
Title Health for all in the twenty-first century /
Statement of responsibility, etc. World Health Organization.
250 ## - EDITION STATEMENT
Edition statement 1st ed.
260 ## - PUBLICATION, DISTRIBUTION, ETC. (IMPRINT)
Place of publication, distribution, etc. Geneva :
Name of publisher, distributor, etc. WHO,
Date of publication, distribution, etc. [?]
300 ## - PHYSICAL DESCRIPTION
Extent vi, 54 p.
650 #0 - SUBJECT ADDED ENTRY--TOPICAL TERM
Topical term or geographic name as entry element Health.
-- 0000036860
710 2# - ADDED ENTRY--CORPORATE NAME
Corporate name or jurisdiction name as entry element World Health Organization.
-- 0000161665
852 1# - LOCATION
-- p300 KES
908 ## - PUT COMMAND PARAMETER (RLIN)
Put command parameter 090323
950 ## - LOCAL HOLDINGS (RLIN)
-- 1
Holdings
Withdrawn status Lost status Source of classification or shelving scheme Not for loan Home library Current library Date acquired Total Checkouts Full call number Barcode Date last seen Price effective from Koha item type
    Library of Congress Classification   Kabarak, Main Campus Kabarak, Main Campus 17/12/2015   RA8 .A3H43 c. 1 17302 17/12/2015 17/12/2015 General Collection
Designed with assistance from East African Informatics Ltd